[Event "FRA-ch op-B"]
[Site "Saint Quentin"]
[Date "2015.??.??"]
[Round "3"]
[White "Armas, Lara Maria"]
[Black "Delbergue, Alexis"]
[Result "1/2-1/2"]
[WhiteElo "1931"]
[BlackElo "1816"]
[PlyCount "41"]
[EventDate "2015.08.09"]
[EventType "swiss"]
[EventRounds "11"]
[EventCountry "FRA"]
[SourceTitle "EXT 2016"]
[Source "ChessBase"]
[SourceDate "2015.10.08"]
[SourceVersion "1"]
[SourceVersionDate "2015.10.08"]
[SourceQuality "1"]

1. d4 Nf6 2. c4 c5 3. dxc5 e6 4. Nc3 Bxc5 5. e3 Nc6 6. Nf3 b6 7. Be2 Bb7 8. 0-0 0-0 9. a3 Qc7 10. b4 Be7 11. Nb5 Qb8 12. Bb2 d5 13. Rc1 dxc4 14. Rxc4 a6 15. Nbd4 Nxd4 16. Bxd4 Bd5 17. Be5 Qd8 18. Rc7 Bd6 19. Bxd6 Qxd6 20. Qc1 a5 21. b5 1/2-1/2

[Event "Syre Memorial op 35th"]
[Site "Issy les Moulineaux"]
[Date "2012.05.19"]
[Round "5"]
[White "Delbergue, Alexis"]
[Black "Nepomiachty, Alexandre"]
[Result "0-1"]
[WhiteElo "1769"]
[BlackElo "2082"]
[PlyCount "56"]
[EventDate "2012.05.17"]
[EventType "swiss"]
[EventRounds "6"]
[EventCountry "FRA"]
[SourceTitle "EXT 2015"]
[Source "ChessBase"]
[SourceDate "2014.11.20"]
[SourceVersion "1"]
[SourceVersionDate "2014.11.20"]
[SourceQuality "1"]

1. f4 Nf6 2. Nf3 g6 3. g3 Bg7 4. Bg2 c5 5. 0-0 0-0 6. d3 Nc6 7. c3 d6 8. e4 Qc7 9. Nh4 Rb8 10. h3 b5 11. g4 b4 12. g5 Nd7 13. f5 Nde5 14. Nf3 Nxf3+ 15. Qxf3 Be5 16. h4 Ba6 17. f6 h5 18. gxh6 Bxf6 19. h5 Ne5 20. Qg3 Bxd3 21. hxg6 Bxf1 22. g7 Rfd8 23. Kxf1 Kh7 24. Bh3 Ng6 25. Bf4 e6 26. a3 bxc3 27. bxc3 Qc6 28. Ke2 Qxe4+ 0-1